000 00340nam a2200145 4500
008 190521s2010||||xo d
100 1 _aFordová Arielle
_91121
245 1 0 _aTajomstvo spriaznených duší
260 _aBratislava
_c2010
_bIkar
250 _a1.vydanie
020 _c0
041 1 _aslo
044 _axo
_cSK
958 _aAUL
999 _c22417
_d22417